Eadwine's Canterbury psalter,/ (Record no. 85780)
[ view plain ]
| 000 -LEADER | |
|---|---|
| fixed length control field | 00840cam a22002171 4500 |
| 001 - CONTROL NUMBER | |
| control field | 85780 |
| 003 - CONTROL NUMBER IDENTIFIER | |
| rucl marc code | BD-RjUL |
| 005 - DATE AND TIME OF LATEST TRANSACTION | |
| control field | 20251006102257.0 |
| 008 - FIXED-LENGTH DATA ELEMENTS--GENERAL INFORMATION | |
| fixed length control field | 050317s1889 enk 000 0 eng |
| 035 ## - SYSTEM CONTROL NUMBER | |
| System control number | (BD-RjUL) 85780 |
| 040 ## - CATALOGING SOURCE | |
| Original cataloging agency | DLC |
| Transcribing agency | DLC |
| Modifying agency | DLC |
| Language of cataloging | eng |
| 041 ## - LANGUAGE CODE | |
| Language code of text/sound track or separate title | eng |
| 082 ## - DEWEY DECIMAL CLASSIFICATION NUMBER | |
| Edition number | 23 |
| Classification number | 823 |
| Author mark and year | HAE 1889 |
| 110 2# - MAIN ENTRY--CORPORATE NAME | |
| Corporate name or jurisdiction name as entry element | Catholic Church. |
| Subordinate unit | Liturgy and ritual. Psalter (Canterbury psalter) |
| 9 (RLIN) | 17034 |
| 245 10 - TITLE STATEMENT | |
| Title | Eadwine's Canterbury psalter,/ |
| Statement of responsibility, etc. | edited, with introd. and notes, from the ms. in Trinity College, Cambridge, by Fred Harsley. Pt. 2. Text and notes. |
| 260 ## - PUBLICATION, DISTRIBUTION, ETC. (IMPRINT) | |
| Place of publication, distribution, etc. | London : |
| Name of publisher, distributor, etc. | Published for the Early English Text Society by N. Trübner, |
| Date of publication, distribution, etc. | 1889. |
| 300 ## - PHYSICAL DESCRIPTION | |
| Pagination | viii, 269 p. |
| Size | 22 cm. |
| 490 1# - SERIES STATEMENT | |
| Series statement | Early English Text Society. [Publications] Original series, no. 92 |
| 700 1# - ADDED ENTRY--PERSONAL NAME | |
| Personal name | Harsley, Fred, |
| Dates associated with a name | 1862- |
| Relator term | ed. |
| 942 ## - ADDED ENTRY ELEMENTS (KOHA) | |
| Source of classification or shelving scheme | Dewey Decimal Classification |
| Koha item type | Books |
| Lost status | Source of classification or shelving scheme | Damaged status | Not for loan | Collection code | Permanent Location | Current Location | Shelving location | Date acquired | Total Checkouts | Full call number | Date last seen | Copy number | Koha item type |
|---|---|---|---|---|---|---|---|---|---|---|---|---|---|
| Dewey Decimal Classification | Not For Loan | Non-fiction | Central Library, University of Rajshahi | Central Library, University of Rajshahi | Reading Room | 06/10/2025 | 823 HAE pt. 2 1889 | 06/10/2025 | C-1 | Books |